[Event "Willy Kipper Memorial"]
[Site "Buenos Aires"]
[Date "2009.03.16"]
[Round "4"]
[White "Paternoste, Martin"]
[Black "De Cesares, Ricardo"]
[Result "0-1"]
[WhiteElo "2041"]
[BlackElo "2045"]
[PlyCount "30"]
[EventDate "2009.03.14"]
[EventType "tourn"]
[EventRounds "9"]
[EventCountry "ARG"]
[SourceTitle "CBM 129 Extra"]
[Source "ChessBase"]
[SourceDate "2009.05.05"]
[SourceVersion "2"]
[SourceVersionDate "2009.05.20"]
[SourceQuality "1"]

1. d4 Nf6 2. c4 e6 3. g3 c5 4. d5 exd5 5. cxd5 d6 6. Bg2 g6 7. a4 Bg7 8. Na3 0-0 9. Nc4 Nh5 10. Nh3 Bxh3 11. Bxh3 Qe7 12. Ra3 Qe4 13. Nxd6 Qxh1+ 14. Bf1 Nd7 15. f4 Qxh2 0-1